| 000 | 00839nam a22002777a 4500 | ||
|---|---|---|---|
| 001 | BR9404080 | ||
| 003 | BR-BrBNA | ||
| 005 | 20230928094234.0 | ||
| 007 | ta | ||
| 008 | 230509b bl.||||| |||| 00| 0 por d | ||
| 040 |
_aBR-BrBNA _bpor _cBiblioteca Nacional de Agricultura |
||
| 041 | _a(Por) | ||
| 072 | _aE14 | ||
| 090 | _ E14 BR9404080 | ||
| 110 | 1 |
_aFundacao Estadual de Planejamento Agricola do Rio Grande do Norte, Natal (Brasil) _94891 |
|
| 245 | 1 | _aProgramas para a area agricola do Rio Grande do Norte periodo - 1979/1983. Vol. 2 | |
| 260 | 3 |
_aNatal, RN (Brasil): _c1982. |
|
| 300 | _a381 p. | ||
| 500 | _a31 tables | ||
| 650 | _aProjeto Agricola | ||
| 650 | _aPlanejamento Regional | ||
| 650 | _aProjeto de Desenvolvimento | ||
| 650 | _aRio Grande do Norte | ||
| 909 |
_a202309 _bLucia _c55 _dLucia Elande |
||
| 942 | _cBK | ||
| 999 |
_c49596 _d49596 |
||